Psychological perspective of HIV and AIDS (Record no. 405407)

000 -LEADER
fixed length control field 00454cam a22001577a 4500
008 - FIXED-LENGTH DATA ELEMENTS--GENERAL INFORMATION
fixed length control field 180718b2006 xxu||||| |||| 00| 0 eng d
020 ## - INTERNATIONAL STANDARD BOOK NUMBER
International Standard Book Number 8180692280
082 ## - DEWEY DECIMAL CLASSIFICATION NUMBER
Classification number O32x54 R137
245 ## - TITLE STATEMENT
Title Psychological perspective of HIV and AIDS
Statement of responsibility, etc. edited by M. Rajamanickam
260 ## - PUBLICATION, DISTRIBUTION, ETC.
Place of publication, distribution, etc. New Delhi
Name of publisher, distributor, etc. Concept
Date of publication, distribution, etc. 2006
300 ## - PHYSICAL DESCRIPTION
Extent 116p.
650 ## - SUBJECT ADDED ENTRY--TOPICAL TERM
Topical term or geographic name entry element HIV Infections - India
650 ## - SUBJECT ADDED ENTRY--TOPICAL TERM
Topical term or geographic name entry element AIDS (Disease) - India
650 ## - SUBJECT ADDED ENTRY--TOPICAL TERM
Topical term or geographic name entry element AIDS (disease)
700 ## - ADDED ENTRY--PERSONAL NAME
Personal name Rajamanickam, M.
Holdings
Withdrawn status Lost status Damaged status Not for loan Permanent Location Current Location Date acquired Full call number Barcode Date last seen Price effective from Koha item type
        Indian Institute of Public Administration Indian Institute of Public Administration 2006-06-21 O32x54 R137 DA6282 2018-07-21 2018-07-21 DA

Powered by Koha